000 00729nam a22002297a 4500
999 _c15321
_d15321
003 AR-CdUCM
008 190426b ||||| |||| 00| 0 spa d
020 _a978-84-236-9859-2
040 _aMUNICIPALIDAD PROVINCIAL DEL CUSCO
_cBIBLIOTECA MUNICIPAL DEL CUSCO
041 _heng
082 _aES / 803 /
_bL11
100 _aLiparulo, Robert
_933688
245 _aGuardianes de las puertas :
_bVolumen III de la serie DREAMHOUSE /
260 _aEspaƱa :
_bEdebe,
_c2011.
300 _a357 paginas ;
_bIlustraciones, graficos, dibujos
_c22 cm.
500 _aLiteratura para los jovenes
650 _aHistoria
_9136
650 _aLiteratura
_983
856 _fwww.edebe.com
942 _2ddc
_cLIBROS
945 _apjha
_d2019-04-26